000 00692cab a2200205 4500
001 WB2625-37
008 090401t1990 xxu||||| |||| 00| 0 eng d
035 _a(Sirsi) u71437
041 _aeng
245 _aArtificial island proposed
260 _c1990
350 _a0
490 _aTimes
_v27/6/90 p5
520 _aBP is expected to put forward a private bill in the Autumn for building an artificial island in Poole Harbour for use as an exploration base. The plan is propsed by local groups such as the Nature Conservancy Council .
650 _aMINERAL EXPLORATION
650 _aPRIVATE MEMBERS BILL
690 _aPLANNING LAW AND PRACTICE
942 _n0
948 _c04/03/1997
999 _c45031
_d45031